000 00430nam a22001577a 4500
999 _c17585
_d17585
003 OSt
005 20221109154540.0
008 221108b ||||| |||| 00| 0 eng d
040 _c0
100 _aLucas, Daxim L.
_946721
245 _aPH ends 2019 with all-time high forex reserves of $87.8 B /
260 _aPhilippines ;
_cJanuary 8, 2020.
_bInquirer,
300 _apage B2.
650 _aBusiness.
_946722
942 _2ddc
_cPER